Контент-анализ историографического источника (к вопросу о междисциплинарности лингвистических методов); Вестник Томского государственного университета; № 294

Bibliografiske detaljer
Parent link:Вестник Томского государственного университета/ Национальный исследовательский Томский государственный университет (ТГУ).— , 1998-
№ 294.— 2007.— [С. 52-60]
Hovedforfatter: Можаева Г. В.
Andre forfattere: Мишанкина Н. А. Наталья Александровна
Summary:Заглавие с экрана
Отражены результаты исследования дискурса историографических источников как единого информационного объекта для выявления всех видов информации, содержащейся в нем, и выстраивание модели информационного поля историка. Оригинальность подхода основывается на смешении фокуса исследования в область информационного потенциала языкового кода текста. Основным результатом стало выявление возможностей применения информационного подхода, а также применение лингвистических методик для «развертывания» латентной информации, содержащейся в историографическом тексте.
In the article are reflected the results of research of a discourse historiography sources as uniform information object for revealing all kinds of The information contained in it and forming of model of an information field of the historian. Originality of the approach is based on displacement of focus of research in area of information potential of a language code of the text. The basic result became application of the information approach and linguistics methods for «expansion» of the latent information contained in the historiography text.
Режим доступа: по договору с организацией-держателем ресурса
Sprog:russisk
Udgivet: 2007
Fag:
Online adgang:http://elibrary.ru/item.asp?id=12158299
Format: MixedMaterials Electronisk Book Chapter
KOHA link:https://koha.lib.tpu.ru/cgi-bin/koha/opac-detail.pl?biblionumber=640869

MARC

LEADER 00000naa0a2200000 4500
001 640869
005 20250311141806.0
035 |a (RuTPU)RU\TPU\network\5683 
035 |a RU\TPU\network\5680 
090 |a 640869 
100 |a 20150429d2007 k||y0rusy50 ca 
101 0 |a rus 
102 |a RU 
135 |a drcn ---uucaa 
181 0 |a i  
182 0 |a b 
200 1 |a Контент-анализ историографического источника (к вопросу о междисциплинарности лингвистических методов)  |d Content analysis of historiographic sourse (studies on the interdisciplinarity of linguistics methods)  |f Г. В. Можаева, Н. А. Мишанкина 
203 |a Текст  |c электронный 
300 |a Заглавие с экрана 
320 |a [Библиогр.: с. 60 (9 назв.)] 
330 |a Отражены результаты исследования дискурса историографических источников как единого информационного объекта для выявления всех видов информации, содержащейся в нем, и выстраивание модели информационного поля историка. Оригинальность подхода основывается на смешении фокуса исследования в область информационного потенциала языкового кода текста. Основным результатом стало выявление возможностей применения информационного подхода, а также применение лингвистических методик для «развертывания» латентной информации, содержащейся в историографическом тексте. 
330 |a In the article are reflected the results of research of a discourse historiography sources as uniform information object for revealing all kinds of The information contained in it and forming of model of an information field of the historian. Originality of the approach is based on displacement of focus of research in area of information potential of a language code of the text. The basic result became application of the information approach and linguistics methods for «expansion» of the latent information contained in the historiography text. 
333 |a Режим доступа: по договору с организацией-держателем ресурса 
461 |t Вестник Томского государственного университета  |f Национальный исследовательский Томский государственный университет (ТГУ)  |d 1998- 
463 |t № 294  |v [С. 52-60]  |d 2007 
510 1 |a Content analysis of historiographic sourse (studies on the interdisciplinarity of linguistics methods)  |z eng 
610 1 |a электронный ресурс 
610 1 |a труды учёных ТПУ 
610 1 |a научный дискурс 
610 1 |a терминологические системы 
610 1 |a концептуальная метафора 
610 1 |a метафорические модели 
610 1 |a метафорический термин 
610 1 |a гносеологическая метафора 
700 1 |a Можаева  |b Г. В. 
701 1 |a Мишанкина  |b Н. А.  |c лингвист  |c профессор Томского политехнического университета, доктор филологических наук  |f 1969-  |g Наталья Александровна  |3 (RuTPU)RU\TPU\pers\28712  |9 13509 
801 2 |a RU  |b 63413507  |c 20150429  |g RCR 
856 4 |u http://elibrary.ru/item.asp?id=12158299 
942 |c CF